000 00624nam a22002417a 4500
003 UA-OsUOA
001 97264
007 ta
008 20130327b un ||||| |||| 00| 0 ukr d
100 _aГуменюк Б.
090 _a821.161.2
_bГ94
942 _cBK
040 _aUA-OsUOA
_bukr
_cUA-OsUOA
_dUA-OsUOA
245 _aОстрів
_bроман
300 _a176 с.
955 _a3
041 _aukr
080 _a821.161.2
020 _a978-966-8259-68-9
260 _aК.
_bСергія Пантюка
_c2007
650 7 _a82 Література. Літературознавство
_2UDC
999 _c383512
_d383512